इशारा / (Record no. 116076)

MARC details
000 -LEADER
fixed length control field 01024nam a22002537a 4500
005 - DATE AND TIME OF LATEST TRANSACTION
control field 20170124103034.0
010 ## - LIBRARY OF CONGRESS CONTROL NUMBER
LC control number A-909437
020 ## - INTERNATIONAL STANDARD BOOK NUMBER
Terms of availability 70.00
035 ## - SYSTEM CONTROL NUMBER
System control number A-909437
037 ## - SOURCE OF ACQUISITION
Source of stock number/acquisition Cen Lib/Ret
040 ## - CATALOGING SOURCE
Original cataloging agency DPL
Language of cataloging HN
082 ## - DEWEY DECIMAL CLASSIFICATION NUMBER
Classification number
Item number मोपासां
100 ## - MAIN ENTRY--PERSONAL NAME
Personal name मोपासां
9 (RLIN) 64678
245 ## - TITLE STATEMENT
Title इशारा /
Statement of responsibility, etc मोपासां
246 ## - VARYING FORM OF TITLE
Title proper/short title Eshara /
Remainder of title by Mopasan
260 ## - PUBLICATION, DISTRIBUTION, ETC. (IMPRINT)
Place of publication, distribution, etc दिल्ली
Name of publisher, distributor, etc राष्ट्यीवाणी प्रकाशन
Date of publication, distribution, etc 1998
270 ## - ADDRESS
City दिल्ली
Address बी-97, चेतक अपार्टमेंट, अंहिसा मार्ग सेक्टर 9, रोहिणी
Postal code 110085
300 ## - PHYSICAL DESCRIPTION
Extent 88पृ.:
Dimensions 19सेमी (सजिल्द)
Other physical details सचित्र
650 ## - SUBJECT ADDED ENTRY--TOPICAL TERM
Topical term or geographic name as entry element हिंदी साहित्य
9 (RLIN) 64679
650 ## - SUBJECT ADDED ENTRY--TOPICAL TERM
Topical term or geographic name as entry element हिंदी कहानियां
9 (RLIN) 2082
650 ## - SUBJECT ADDED ENTRY--TOPICAL TERM
Topical term or geographic name as entry element Hindi literature
9 (RLIN) 64680
650 ## - SUBJECT ADDED ENTRY--TOPICAL TERM
Topical term or geographic name as entry element Hindi stories
9 (RLIN) 64681
942 ## - ADDED ENTRY ELEMENTS (KOHA)
Source of classification or shelving scheme Dewey Decimal Classification
Koha item type Hindi Books
Classification part
Call number suffix मोपासां
Holdings
Withdrawn status Lost status Damaged status Not for loan Home library Current library Date acquired Source of acquisition Cost, normal purchase price Total Checkouts Full call number Barcode Date last seen Copy number Cost, replacement price Price effective from Koha item type
        Central Library Central Library 22/08/2015 Cen Lib/Ref 70.00   क मोपासां A-909437 22/08/2015 1 70.00 22/08/2015 Hindi Books

© Delhi Public Library
Hit Counter
free hit counter